| 000 | 00667nam a2200193 4500 | ||
|---|---|---|---|
| 003 | AM-YeHGA | ||
| 005 | 20250617153000.0 | ||
| 008 | r ru |||||||||||||| ||rus|d | ||
| 040 | _aAM-YeHGA | ||
| 041 | 0 | _arus | |
| 100 | 1 | _aБелов, Василий Иванович | |
| 245 | 1 | 0 |
_aКануны / _b _cВасилий Белов |
| 260 |
_aАрхангельск : _bСев.-Зап. кн. изд-во, _c1978. |
||
| 300 |
_a335 с. _b |
||
| 653 | 0 | _aДеревня - Север СССР (х. л.) | |
| 653 | 0 | _aКоллективизация сельского хозяйства - Север СССР (х. л.) | |
| 942 |
_2udc _cBK |
||
| 090 | _c383677 | ||
| 999 |
_c381740 _d381740 |
||